|
|
|
|
| LEADER |
00000nab a22000001a 4500 |
| 001 |
vtls010116699 |
| 003 |
SK-MaSNL |
| 005 |
20260303081009.0 |
| 008 |
100720d1938 xo |r|p|||| |000 b|slo |
| 015 |
|
|
|a SNBRRBVU1918-1938
|
| 038 |
|
|
|a SNKBUCL
|
| 038 |
|
|
|a SNKBUVU
|
| 040 |
|
|
|a SNKBUVU
|b slo
|c SNKBUCL
|e AACR2
|
| 041 |
0 |
|
|a slo
|
| 044 |
|
|
|a xo
|c SK
|
| 080 |
|
|
|a 761
|2 1997
|
| 100 |
1 |
|
|a Roubal, Viktor,
|d 1898-1975
|4 aut
|9 1083623
|
| 245 |
1 |
0 |
|a Zimná nálada na Mikuláša
|c Roubal
|
| 650 |
0 |
7 |
|a česká grafika
|2 MM
|9 3138
|
| 655 |
|
7 |
|a reprodukcie výtvarných diel
|2 MM
|9 310790
|
| 655 |
|
7 |
|a linoryty
|2 MM
|9 1083619
|
| 773 |
0 |
|
|t Dennica
|g Roč. 1, č. 13 (1938), s. 1
|
| 852 |
|
|
|a SNK
|b KIS3GCP
|
| 910 |
|
|
|a snkrbvumm
|
| 958 |
|
|
|a VY
|
| 999 |
|
|
|c 1782811
|d 1784741
|